Fyziologické regulace ve schématech
Salvato in:
| Autore principale: | |
|---|---|
| Natura: | Libro |
| Lingua: | ceco |
| Pubblicazione: |
Praha
Grada
2000
|
| Soggetti: | |
| Accesso online: | Visualizza in OPAC |
| Tags: |
Nessun Tag, puoi essere il primo ad aggiungerne!!
|
MARC
| LEADER | 00000nam a2200000 a 4500 | ||
|---|---|---|---|
| 005 | 20260127133926.0 | ||
| 008 | 060420 2000 xr 000 0 cze d | ||
| 020 | |a 8071697826 | ||
| 035 | |a vtls008692219 | ||
| 039 | 9 | |y 200604201223 |z mschk03 | |
| 040 | |a STUSCHK1 |b slo |c STUSCHK1 |e AACR2 | ||
| 080 | |a 612.015 | ||
| 100 | 1 | |a Kittnar, Otomar | |
| 245 | 1 | |a Fyziologické regulace ve schématech | |
| 260 | |a Praha |b Grada |c 2000 | ||
| 300 | |a 228 s. | ||
| 650 | 0 | |a fyziologické regulace | |
| 910 | |a SCHK95 | ||
| 919 | |a 80-7169-782-6 | ||
| 999 | |c 188 |d 188 | ||